Design of concrete structures (Record no. 3628)

000 -LEADER
fixed length control field 00663nam a2200229 a 4500
001 - CONTROL NUMBER
control field 3628
003 - CONTROL NUMBER IDENTIFIER
control field BD-DhUET
008 - FIXED-LENGTH DATA ELEMENTS--GENERAL INFORMATION
fixed length control field 850621s1985 enka b 101 0 eng
020 ## - INTERNATIONAL STANDARD BOOK NUMBER
International Standard Book Number 007Y665486
040 ## - CATALOGING SOURCE
Original cataloging agency DLC
Transcribing agency DLC
Modifying agency BD-DhUET
082 00 - DEWEY DECIMAL CLASSIFICATION NUMBER
Classification number 624.183
Item number NIL/1986
100 ## - MAIN ENTRY--PERSONAL NAME
Personal name Nilson, Arthur H.
245 00 - TITLE STATEMENT
Title Design of concrete structures
Statement of responsibility, etc. by Arthur H. Nilson and George Winter
250 ## - EDITION STATEMENT
Edition statement 10th ed.
260 ## - PUBLICATION, DISTRIBUTION, ETC. (IMPRINT)
Place of publication, distribution, etc. New York:
Name of publisher, distributor, etc. McGraw Hill Book Company,
Date of publication, distribution, etc. 1986.
300 ## - PHYSICAL DESCRIPTION
Extent xi, 380 p. :
Other physical details ill. ;
Dimensions 23 cm.
490 ## - SERIES STATEMENT
Series statement Civil engineering series
504 ## - BIBLIOGRAPHY, ETC. NOTE
Bibliography, etc Includes bibliographies
650 #0 - SUBJECT ADDED ENTRY--TOPICAL TERM
Topical term or geographic name as entry element Reinforced concrete
700 ## - ADDED ENTRY--PERSONAL NAME
Personal name Winter, George
942 ## - ADDED ENTRY ELEMENTS (KOHA)
Koha item type General Book
Holdings
Copy number Koha out on loan Koha item type Not for loan Koha issues (times borrowed) Koha normalized classification for sorting Lost status Koha date last borrowed Koha date last seen Piece designation (barcode) Source of classification or shelving scheme Sublocation or collection (holding branch) Shelving location Damaged status Location (home branch) Koha full call number Price effective from Withdrawn status Koha renewals Date acquired
12027-02-23General Book 6624_000000000000000_183NIL1986 2026-02-232026-02-2377873 Central Library, BUETCirculation section Central Library, BUET624.183/NIL/19862014-11-02 12014-11-02
১০/ক-১ Rental Item  624_183000000000000_NIL_1986  2024-12-0477816 Central Library, BUETRental section Central Library, BUET624.183 NIL/19862024-12-04  1990-10-23
১০/ক-২ Rental Item  624_183000000000000_NIL_1986  2024-12-0477817 Central Library, BUETRental section Central Library, BUET624.183 NIL/19862024-12-04  1990-10-23
১০/ক-৩ Rental Item  624_183000000000000_NIL_1986  2024-12-0477818 Central Library, BUETRental section Central Library, BUET624.183 NIL/19862024-12-04  1990-10-23
১০/ক-৪ Rental Item  624_183000000000000_NIL_1986  2024-12-0477819 Central Library, BUETRental section Central Library, BUET624.183 NIL/19862024-12-04  1990-10-23
১০/ক-৫ Rental Item  624_183000000000000_NIL_1986  2024-12-0477820 Central Library, BUETRental section Central Library, BUET624.183 NIL/19862024-12-04  1990-10-23
১০/ক-৬ Rental Item  624_183000000000000_NIL_1986  2024-12-0477821 Central Library, BUETRental section Central Library, BUET624.183 NIL/19862024-12-04  1990-10-23
১০/ক-৭ Rental Item  624_183000000000000_NIL_1986  2024-12-0477822 Central Library, BUETRental section Central Library, BUET624.183 NIL/19862024-12-04  1990-10-23
১০/ক-৮ Rental Item  624_183000000000000_NIL_1986  2024-12-0477823 Central Library, BUETRental section Central Library, BUET624.183 NIL/19862024-12-04  1990-10-23
১০/ক-৯ Rental Item  624_183000000000000_NIL_1986  2024-12-0477824 Central Library, BUETRental section Central Library, BUET624.183 NIL/19862024-12-04  1990-10-23
১০/ক-১০ Rental Item  624_183000000000000_NIL_1986  2024-12-0477825 Central Library, BUETRental section Central Library, BUET624.183 NIL/19862024-12-04  1990-10-23
১০/ক-১১ Rental Item  624_183000000000000_NIL_1986  2024-12-0477826 Central Library, BUETRental section Central Library, BUET624.183 NIL/19862024-12-04  1990-10-23
১০/ক-১২ Rental Item  624_183000000000000_NIL_1986  2024-12-0477827 Central Library, BUETRental section Central Library, BUET624.183 NIL/19862024-12-04  1990-10-23
১০/ক-১৩ Rental Item  624_183000000000000_NIL_1986  2024-12-0477828 Central Library, BUETRental section Central Library, BUET624.183 NIL/19862024-12-04  1990-10-23
১০/ক-১৪ Rental Item  624_183000000000000_NIL_1986  2024-12-0477829 Central Library, BUETRental section Central Library, BUET624.183 NIL/19862024-12-04  1990-10-23
১০/ক-১৫ Rental Item  624_183000000000000_NIL_1986  2024-12-0477830 Central Library, BUETRental section Central Library, BUET624.183 NIL/19862024-12-04  1990-10-23
১০/ক-১৬ Rental Item  624_183000000000000_NIL_1986  2024-12-0477831 Central Library, BUETRental section Central Library, BUET624.183 NIL/19862024-12-04  1990-10-23
১০/ক-১৭ Rental Item  624_183000000000000_NIL_1986  2024-12-0477832 Central Library, BUETRental section Central Library, BUET624.183 NIL/19862024-12-04  1990-10-23
১০/ক-১৮ Rental Item  624_183000000000000_NIL_1986  2024-12-0477833 Central Library, BUETRental section Central Library, BUET624.183 NIL/19862024-12-04  1990-10-23
১০/ক-১৯ Rental Item  624_183000000000000_NIL_1986  2024-12-0477834 Central Library, BUETRental section Central Library, BUET624.183 NIL/19862024-12-04  1990-10-23
১০/ক-২০ Rental Item  624_183000000000000_NIL_1986  2024-12-0477835 Central Library, BUETRental section Central Library, BUET624.183 NIL/19862024-12-04  1990-10-23